000 00744nam a2200265Ia 4500
003 OSt
005 20221006142400.0
006 a|||||r|||| 00| 0
007 ta
008 221006b |||||||| |||| 00| 0 eng d
020 _cY4800
024 _a6,232
037 _bGift, Japan Foundation
_cTextual
040 _aEASL
_cEASL
_beng
041 _2eng
_aeng
082 _aO42,3D, IIIM4
100 _aMONOGATARI Utsuho
_9647569
245 0 _aTale of the cavern
260 _aTokyo
_bShinozaki Japan
_c1984
300 _a506p.
_ccm.
490 _v JEL
700 _a URAKI Ziro Tr.
_9647570
942 _hO42,3D, IIIM4
_cTEXL
_2CC
999 _c1074318
_d1074318